000
00348nam a2200133Ia 4500
008
151213s9999 xx 000 0 und d
245
_a
SAS / STAT Users Guide . Volume - 2 , GLM - Var comp Version - 6
250
_a
4th
260
_a
U S A
_b
SAS Institution
_c
1994
300
_a
2999 p.
650
_a
Computer
650
_a
Computer
999
_c
2086
_d
2086